ねこあつめのねこ - Statistics

General Stats
  • This quiz has been taken 27 times
    24 since last reset
  • The average score is 29 of 71
Answer Stats
Answer 備考 % Correct
しろねこ さん
95%
くろねこ さん
95%
みけ さん
86%
ちゃとら さん
82%
はちわれ さん
82%
おっど さん
82%
くつした さん
73%
まんぞく さん
73%
さばとら さん
68%
きじとら さん
59%
はいいろ さん
55%
とびみけ さん
55%
しろみけ さん
55%
ねこまた さん
55%
しろくろ さん
50%
くりーむ さん
50%
くろとら さん
50%
えきちょう さん
50%
おさむらい さん
50%
ぶち さん
45%
しろとら さん
45%
ふじでこ さん
45%
はいぶち さん
45%
びすとろ さん
45%
しろさば さん
41%
あかげ さん
41%
くりーむとら さん
41%
すふぃん さん
41%
かふぇ さん
41%
しろちゃとら さん
36%
ぽいんと さん
36%
とーびー さん
36%
あかさび さん
36%
たてじま さん
36%
こいこい さん
36%
せばす さん
36%
しのぶ さん
36%
あんけーと さん 「ねこあつめ2」のみ登場
36%
ずきん さん 「ねこあつめ2」のみ登場
36%
ふうらいぼう さん 「ねこあつめ2」のみ登場
36%
しまみけ さん
32%
はいしろ さん
32%
ちゃはち さん
32%
くろぶち さん
32%
はいはち さん
32%
ぎんうず さん
32%
しろちゃうず さん
32%
とびがら さん
32%
ながぐつ さん
32%
ぷりんす さん
32%
やまねこ さん
32%
あめしょ さん
32%
まろまゆ さん
32%
うすみけ さん
27%
とらぽいんと さん
27%
しまぽいんと さん
27%
くろとび さん
27%
さふぁいあ さん
27%
さびがら さん
23%
はいさび さん
23%
ちょこ さん
23%
なべねこ さん
23%
ゆきねこ さん
23%
じょうほうや さん 「ねこあつめ2」のみ登場
23%
しろきじ さん
18%
むぎわら さん
18%
きっど さん
18%
ろじゃー さん
18%
みかづき さん
18%
ちゃぽいんと さん
14%
にゃーとん さん 「ねこあつめ+」のみ登場
9%
No matching quizzes found
Score Distribution
Percent of People with Each Score
Percentile by Number Answered
Your Score History
You have not taken this quiz since the last reset